00503nam a2200169 450000500170000001000150001702000260003203500140005803700130007208200080008510000170009324500590011026000310016927000600020030000230026050000500028320191101162902.0 aENG-126794 a9788188872473c695.00 aEN-110326 bDBAD/PUB a920 aDube, Shruti aThe life and works of veer Savarkar /cby Shruti Dubey a DelhibGarima Booksc2019 a6/40, Mohalla Maharam, Gali Aryasamj, Shahdharae110032 avi;241p.c22cm(Hb) aIncludes bibliographical references and index